| 000 -LEADER |
| fixed length control field |
03532cam a2200481 i 4500 |
| 001 - CONTROL NUMBER |
| control field |
933586700 |
| 003 - CONTROL NUMBER IDENTIFIER |
| control field |
OCoLC |
| 005 - DATE AND TIME OF LATEST TRANSACTION |
| control field |
20210419122457.0 |
| 008 - FIXED-LENGTH DATA ELEMENTS--GENERAL INFORMATION |
| fixed length control field |
151224s2017 nyuac b 001 0 eng |
| 010 ## - LIBRARY OF CONGRESS CONTROL NUMBER |
| LC control number |
2015050960 |
| 016 7# - NATIONAL BIBLIOGRAPHIC AGENCY CONTROL NUMBER |
| Record control number |
101674267 |
| Source |
DNLM |
| 020 ## - INTERNATIONAL STANDARD BOOK NUMBER |
| International Standard Book Number |
9780815345053 (pbk.) |
| 020 ## - INTERNATIONAL STANDARD BOOK NUMBER |
| International Standard Book Number |
0815345054 (pbk.) |
| 020 ## - INTERNATIONAL STANDARD BOOK NUMBER |
| Canceled/invalid ISBN |
9780815345510 (pbk.-ROW) |
| 020 ## - INTERNATIONAL STANDARD BOOK NUMBER |
| Canceled/invalid ISBN |
9780815345503 (looseleaf) |
| 035 ## - SYSTEM CONTROL NUMBER |
| System control number |
(OCoLC)933586700 |
| Canceled/invalid control number |
(OCoLC)946692073 |
| 040 ## - CATALOGING SOURCE |
| Original cataloging agency |
NLM |
| Language of cataloging |
eng |
| Description conventions |
rda |
| Transcribing agency |
NLM |
| Modifying agency |
DLC |
| -- |
YDXCP |
| -- |
IXA |
| -- |
HF9 |
| -- |
VAM |
| -- |
HEBIS |
| -- |
CUV |
| -- |
YDX |
| -- |
CUV |
| 041 ## - LANGUAGE CODE |
| Language code of text/sound track or separate title |
eng |
| 042 ## - AUTHENTICATION CODE |
| Authentication code |
pcc |
| 049 ## - LOCAL HOLDINGS (OCLC) |
| Holding library |
YYEA |
| 080 ## - UNIVERSAL DECIMAL CLASSIFICATION NUMBER |
| Universal Decimal Classification number |
616-097 |
| Item number |
M-96 |
| 096 ## - LOCALLY ASSIGNED NLM-TYPE CALL NUMBER (OCLC) |
| Classification number |
QW 504 J33 2017 |
| 100 ## - MAIN ENTRY--PERSONAL NAME |
| 9 (RLIN) |
302 |
| Personal name |
Murphy, Kenneth |
| 245 00 - TITLE STATEMENT |
| Title |
Janeway's immunobiology / |
| Statement of responsibility, etc. |
Kenneth Murphy, Casey Weaver ; with contributions by Allan Mowat, Leslie Berg, David Chaplin ; with acknowledgment to Charles A. Janeway Jr., Paul Travers, Mark Walport. |
| 246 30 - VARYING FORM OF TITLE |
| Title proper/short title |
Immunobiology. |
| 250 ## - EDITION STATEMENT |
| Edition statement |
9th ed. |
| 260 ## - PUBLICATION, DISTRIBUTION, ETC. |
| Place of publication, distribution, etc. |
New York, NY : |
| Name of publisher, distributor, etc. |
Garland Science/Taylor & Francis Group, LLC, |
| Date of publication, distribution, etc. |
[2017] |
| 300 ## - PHYSICAL DESCRIPTION |
| Extent |
xx, 904 pages : |
| Other physical details |
illustrations, portrait ; |
| Dimensions |
28 cm. |
| 504 ## - BIBLIOGRAPHY, ETC. NOTE |
| Bibliography, etc. note |
Includes bibliographical references and index. |
| 505 0# - FORMATTED CONTENTS NOTE |
| Formatted contents note |
Part I: An Introduction to Immunobiology and Innate Immunity -- Chapter 1: Basic Concepts in Immunology -- Chapter 2: Innate Immunity: The First Lines of Defense -- Chapter 3: The Induced Responses of Innate Immunity -- Part II: The Recognition of Antigen -- Chapter 4: Antigen Recognition by B-cell and T-cell Receptors -- Chapter 5: The Generation of Lymphocyte Antigen Receptors -- Chapter 6: Antigen Presentation to T Lymphocytes -- Part III: The Development of Mature Lymphocyte Receptor Repertoires -- Chapter 7: Lymphocyte Receptor Signaling -- Chapter 8: The Development and of B and T Lymphocytes -- Part IV: The Adaptive Immune Response -- Chapter 9: T Cell-Mediated Immunity -- Chapter 10: The Humoral Immune Response -- Chapter 11: Integrated Dynamics of Innate and Adaptive Immunity -- Chapter 12: The Mucosal Immune System -- Part V: The Immune System in Health and Disease -- Chapter 13: Failures of Host Defense Mechanisms -- Chapter 14: Allergy and Allergic Diseases -- Chapter 15: Autoimmunity and Transplantation -- Chapter 16: Manipulation of the Immune Response. |
| 520 ## - SUMMARY, ETC. |
| Summary, etc. |
Janeway's Immunobiology is a textbook for students studying immunology at the undergraduate, graduate, and medical school levels. As an introductory text, students will appreciate the book's clear writing and informative illustrations, while advanced students and working immunologists will value its comprehensive scope and depth. Janeway's Immunobiology presents immunology from a consistent point of view throughout--that of the host's interaction with an environment full of microbes and pathogens. The Ninth Edition has been thoroughly revised bringing the content up-to-date with significant developments in the field, especially on the topic of innate immunity, and improving the presentation of topics across chapters for better continuity. -- Provided by publisher. |
| 590 ## - LOCAL NOTE (RLIN) |
| Local note |
c.1 & c.2 10070680 YBP 10/14/16 $81.59 each. |
| 650 #2 - SUBJECT ADDED ENTRY--TOPICAL TERM |
| Topical term or geographic name entry element |
Immune System |
| General subdivision |
physiology. |
| 650 #2 - SUBJECT ADDED ENTRY--TOPICAL TERM |
| Topical term or geographic name entry element |
Immune System |
| General subdivision |
physiopathology. |
| 650 #2 - SUBJECT ADDED ENTRY--TOPICAL TERM |
| Topical term or geographic name entry element |
Immunity. |
| 650 #2 - SUBJECT ADDED ENTRY--TOPICAL TERM |
| Topical term or geographic name entry element |
Immunotherapy. |
| 653 ## - INDEX TERM--UNCONTROLLED |
| Uncontrolled term |
იმუნოლოგია |
| 653 ## - INDEX TERM--UNCONTROLLED |
| Uncontrolled term |
იმუნური სისტემა |
| 653 ## - INDEX TERM--UNCONTROLLED |
| Uncontrolled term |
იმუნოთერაპია |
| 700 1# - ADDED ENTRY--PERSONAL NAME |
| Personal name |
Murphy, Kenneth |
| Fuller form of name |
(Kenneth M.) |
| 700 1# - ADDED ENTRY--PERSONAL NAME |
| Personal name |
Weaver, Casey. |
| 942 ## - ADDED ENTRY ELEMENTS (KOHA) |
| Source of classification or shelving scheme |
|
| Koha item type |
Books |
| Edition |
9 |